000
00289nam a22001337a 4500
008
170715b xxu||||| |||| 00| 0 eng d
020
_a
9780195059274
041
_a
eng
080
_a
101
100
_a
24
101
_a
FIL
245
_a
THE PHILOSOPHERS
_c
SCHARFSTEIN,B
942
_2
udc
_c
BK
999
_c
21201
_d
21201